គំរោងផ្នែកជុសជុល និងបច្ចេកទេសថែទាំត្រាក់ទ័រនៅតាមបណ្តាស្រុកជាមួយការរៀបចំឧបករណ៍ត្រួតពិនិត្យកែតំរូវប្លុកម៉ាស៊ីន (Record no. 4176)
[ view plain ]
| 000 -LEADER | |
|---|---|
| fixed length control field | 00704nam a22001577a 4500 |
| 003 - CONTROL NUMBER IDENTIFIER | |
| control field | OSt |
| 005 - DATE AND TIME OF LATEST TRANSACTION | |
| control field | 20151207154505.0 |
| 008 - FIXED-LENGTH DATA ELEMENTS--GENERAL INFORMATION | |
| fixed length control field | 151207b xxu||||| |||| 00| 0 eng d |
| 040 ## - CATALOGING SOURCE | |
| Transcribing agency | RUA |
| 082 ## - DEWEY DECIMAL CLASSIFICATION NUMBER | |
| Classification number | ATM សួន 1991 B189 Or.1 |
| 100 ## - MAIN ENTRY--PERSONAL NAME | |
| 9 (RLIN) | 4478 |
| Personal name | សួន, សុខលាង |
| 245 ## - TITLE STATEMENT | |
| Title | គំរោងផ្នែកជុសជុល និងបច្ចេកទេសថែទាំត្រាក់ទ័រនៅតាមបណ្តាស្រុកជាមួយការរៀបចំឧបករណ៍ត្រួតពិនិត្យកែតំរូវប្លុកម៉ាស៊ីន |
| 260 ## - PUBLICATION, DISTRIBUTION, ETC. (IMPRINT) | |
| Place of publication, distribution, etc. | Phnom Penh |
| Name of publisher, distributor, etc. | RUA |
| Date of publication, distribution, etc. | 1991 |
| 300 ## - PHYSICAL DESCRIPTION | |
| Extent | 62p. |
| Other physical details | ill. |
| Dimensions | 29cm. |
| 942 ## - ADDED ENTRY ELEMENTS (KOHA) | |
| Source of classification or shelving scheme | |
| Koha item type | ATM |
| Price effective from | Date last seen | Permanent Location | Not for loan | Date acquired | Date last checked out | Source of classification or shelving scheme | Total Checkouts | Koha item type | Barcode | Lost status | Damaged status | Withdrawn status | Current Location | Full call number |
|---|---|---|---|---|---|---|---|---|---|---|---|---|---|---|
| 2015-12-07 | 2015-12-07 | Library Block B | 2015-12-07 | ATM | RUA043215 | Library Block B | ATM សួន 1991 B189 Or.1 | |||||||
| 2015-12-07 | 2015-12-07 | Library Block B | 2015-12-07 | ATM | RUA043481 | Library Block B | ATM សួន 1991 B189 Or.2 | |||||||
| 2015-12-07 | 2016-07-18 | Library Block B | 2015-12-07 | 2016-07-06 | 1 | ATM | RUA40900 | Library Block B | ATM សួន 1991 B189 Or.3 | |||||
| 2015-12-07 | 2015-12-07 | Library Block B | 2015-12-07 | ATM | RUA44186 | Library Block B | ATM សួន 1991 B189 Or.4 | |||||||
| 2015-12-07 | 2015-12-07 | Library Block B | 2015-12-07 | ATM | RUA44926 | Library Block B | ATM សួន 1991 B189 Or.5 | |||||||
| 2015-12-07 | 2015-12-07 | Library Block B | 2015-12-07 | ATM | RUA042960 | Library Block B | ATM សួន 1991 B189 Or.6 | |||||||
| 2015-12-07 | 2015-12-07 | Library Block B | 2015-12-07 | ATM | RUA038616 | Library Block B | ATM សួន 1991 B189 Or.7 | |||||||
| 2015-12-07 | 2016-08-12 | Library Block B | 2015-12-07 | 2016-08-03 | 1 | ATM | RUA44002 | Library Block B | ATM សួន 1991 B189 Or.8 |